Poemas escogidos: 1935-1963

Zapisane w:
Opis bibliograficzny
1. autor: Durrell, Lawrence (Autor)
Format: Książka
Język:hiszpański
Wydane: Madrid Visor Libros 1982
Wydanie:2a. ed
Seria:Colección Visor de Poesía, 23
Hasła przedmiotowe:
Etykiety: Dodaj etykietę
Nie ma etykietki, Dołącz pierwszą etykiete!

MARC

LEADER 00000cam a2200000 a 4500
001 UCG8452
003 CL-VaPUC
008 111212e19820000SP |||||||||||||||||spa|d
020 |a 8475220231 
082 0 4 |a 823.1  |b DUR  |2 21 
100 0 |a Durrell, Lawrence  |e author  |9 559483 
245 1 0 |a Poemas escogidos: 1935-1963 
250 |a 2a. ed 
300 |a 86 p 
942 |c BK 
945 |d 20111212 00:00:00  |a dcastane 
260 |a Madrid  |b Visor Libros  |c 1982 
650 0 |a Poesías inglesas  |9 265094 
650 0 |a Literatura inglesa  |9 312907 
583 |a last modification  |c 20111212 13:13:00  |k Rodrigo Vera 
490 0 |a Colección Visor de Poesía, 23 
999 |c 346062  |d 346060 
952 |0 0  |1 0  |4 0  |6 823_100000000000000_DUR_1982  |7 0  |8 A  |9 446546  |a BIBART  |b BIBART  |d 2019-11-22  |i 4812042  |o 823.1 DUR 1982  |p 4812042  |r 2025-03-13  |w 2019-11-22  |y BK  |k ART